ՀՀ Գիտությունների ազգային ակադեմիայի հիմնարար գիտական գրադարան  =   Fundamental Scientific Library of NAS RA

Մահագրութիւն հայագիտութեան կորուստներէն / (Record no. 541796)

MARC details
000 -LEADER
fixed length control field 00901nam a2200205 a 4500
001 - CONTROL NUMBER
control field 000497892
003 - CONTROL NUMBER IDENTIFIER
control field AM-YEHGA
005 - DATE AND TIME OF LATEST TRANSACTION
control field 20260403151650.0
008 - FIXED-LENGTH DATA ELEMENTS--GENERAL INFORMATION
fixed length control field 050208s1984 ai 000 | arm d
040 ## - CATALOGING SOURCE
Original cataloging agency AM-YEHGA
041 0# - LANGUAGE CODE
Language code of text/sound track or separate title arm
100 1# - MAIN ENTRY--PERSONAL NAME
Personal name Տեր-Խաչատուրյան, Արտաշես,
Dates associated with a name 1931-1993
9 (RLIN) 3985
245 10 - TITLE STATEMENT
Title Մահագրութիւն հայագիտութեան կորուստներէն /
Statement of responsibility, etc. Ա. Տէր-Խաչատուրեան.
260 ## - PUBLICATION, DISTRIBUTION, ETC.
Place of publication, distribution, etc. Անթիլիաս :
Name of publisher, distributor, etc. Ա. հ.,
Date of publication, distribution, etc. 1984.
300 ## - PHYSICAL DESCRIPTION
Extent 486-520 էջ :
Other physical details դիմանկ. ;
Dimensions 28 սմ.
500 ## - GENERAL NOTE
General note Առանձնատիպ արտատպուած՝ Հասկ Հայագիտական տարեգրքի նոր շրջանի Դ.-Ե. տարիներու հատորէն (1983-84)
500 ## - GENERAL NOTE
General note Սյունակագիր
650 14 - SUBJECT ADDED ENTRY--TOPICAL TERM
Topical term or geographic name entry element Կենսամատենագիտություն
9 (RLIN) 5656
650 14 - SUBJECT ADDED ENTRY--TOPICAL TERM
Topical term or geographic name entry element Անհատական մատենագիտություն
Holdings
Withdrawn status Lost status Damaged status Not for loan Collection Home library Current library Date acquired Total checkouts Full call number Barcode Date last seen Price effective from Koha item type Public note
        General Fundamental Scientific Library Fundamental Scientific Library 12/03/2026   Բր 22084 FL0704570 12/03/2026 12/03/2026 Գրքեր / Books 30 Days Loan


ՀՀ ԳԱԱ հիմնարար գիտական գրադարան
ՀՀ,Երևան 0019
Մարշալ Բաղրամյան 24/6
հեռախոս:(374-10) 52-47-50
Հետադարձ կապ

All site content, except where otherwise noted, is licensed under a
Creative Commons License